000 02576cam a22005534i 4500
003 PE-LiUPU
005 20250731180155.0
008 150617s r 000 0 d
020 _a9684518560
035 _a(Sirsi) i9789684518568
040 _aPE-LiUPU
_bspa
_cPE-LiUPU
_erda
049 _aPRUA
082 0 4 _a519.5207
_bC23
_221
100 1 _aCanavos, George C.,
_eautor.
245 1 0 _aProbabilidad y estadística; aplicaciones y métodos.
264 1 _aMéxico :
_bMcGraw-Hill,
_c1992.
300 _a651 páginas ;
_c23 centímetros
336 _atext
_2rdacontent
337 _aunmediated
_2rdamedia
338 _avolume
_2rdacarrier
505 0 _aIntroducción y estadística discriptiva -- Conceptos en probabilidad -- Variables aleatorias y distribuciones de probabilidad -- Algunas distribuciones continuas de probabilidad -- Distribuciones conjuntas de probabiblidad -- Muestras aleatorias y distribuciones de muestreo -- Estimación puntual y por intervalo -- Prueba de hipótesis estadísticas -- Pruebas de bondad de ajuste y análisis de tablas de contingencia -- Métodos para el control de calidad y muestreo para aceptación -- Diseño y análisis de experimentos estadísticos -- Análisis de regresión: el modelo lineal simple -- Análisis de regresión: el modelo lineal general -- Métodos no paramétricos.
526 _aSEG44
526 _aSEG26
526 _aP159
526 _aP155
526 _aP154
526 _aP153
526 _aP150
526 _aP100
526 _aP31
526 _aP30
526 _aP26
526 _aP25
526 _aP24
526 _aP22
526 _aP15
526 _aP10
650 0 4 _aESTADISTICA.
650 0 4 _aPROBABILIDADES.
910 _ajck
_bjvq
_cjck
_d20150616
942 _2ddc
_cBOOK
949 _a519.207 C23
_wDEWEY
_c1
_i33697
_d2016-7-14
_e2016-5-24
_lCCODEBUL1
_mBUL
_n1
_r0
_sY
_tBOOK
_u2015-6-16
_xEDUCACION
_PP20
_0COMPRA
_o.STAFF. Colección General
949 _a519.5207 C23
_wDEWEY
_c1
_i33698
_d2016-6-26
_e2016-6-26
_lCCODEBUL1
_mBUL
_n5
_r0
_sY
_tBOOK
_u2015-6-17
_xEDUCACION
_zUNKNOWN
_0COMPRA
_o.STAFF. Colección General
994 _aC0
_bPEPRU
596 _a1
999 _a519.207 C23
_wDEWEY
_c57049
_i33697
_d57049
_e2016-5-24
_f2019-12-11
_g4
_lDISCARD
_mBUL
_n1
_q1
_r0
_sY
_tBOOK
_u2015-6-16
_xEDUCACION
_PP20
_0COMPRA
_o.STAFF. Colección General
999 _a519.5207 C23
_wDEWEY
_c1
_i33698
_d2019-5-13
_e2019-5-9
_f2021-11-5
_g5
_lCCODEBUL1
_mBUL
_n7
_r0
_sN
_tBOOK
_u2015-6-17
_xBIBLIOTECA
_zUNKNOWN
_0COMPRA
_o.STAFF. Colección General
980 _81
_gALBERTO SANCHEZ Responsable de Automatización